000
00166 a2200073 4500
245
_a
ESSAYS ON AFRICAN WRITING
_h
Text
650
_a
CONTEMPORARY LITERATURE
005
20191021095130.0
084
_a
NONE
999
_c
11859
_d
11859